[Event "Yerevan ol (Men)"]
[Site "Yerevan"]
[Date "1996.??.??"]
[Round "7"]
[White "Lputian, Smbat G"]
[Black "Nijboer, Friso"]
[Result "1-0"]
[WhiteElo "2595"]
[BlackElo "2525"]

1.d4 Nf6 2.c4 g6 3.Nc3 Bg7 4.Nf3 O-O 5.g3 d6 6.Bg2 Nc6 7.O-O Rb8 8.d5 Na5
9.Nd2 Nd7 10.Qc2 Ne5 11.b3 c6 12.Bb2 b5 13.dxc6 bxc4 14.Nd5 Naxc6 15.Nxc4 e6
16.Nxe5 Nxe5 17.Nc3 d5 18.Rfd1 Bb7 19.Rac1 Rc8 20.Qd2 Bc6 21.Ba3 Re8 22.Bc5 a5
23.Bd4 Nd7 24.Bxg7 Kxg7 25.e4 dxe4 26.Bxe4 Nb8 27.Qe3 Qe7 28.h4 f5 29.Bxc6 Rxc6
30.Nb5 Rec8 31.Rxc6 Nxc6 32.Rd6 Nd8 33.Qd2 Nf7 34.Rd7 Rd8 35.Qc3+ Qf6 36.Ra7 Rd5
37.Qxf6+ Kxf6 38.Nc7 Rd1+ 39.Kg2 Nd6 40.Rxa5  1-0

[Event "ARM-ch"]
[Site "Yerevan"]
[Date "1996.??.??"]
[Round "8"]
[White "Minasian, Artashes"]
[Black "Lputian, Smbat G"]
[Result "1/2-1/2"]
[WhiteElo "2580"]
[BlackElo "2580"]

1.e4 e6 2.d4 d5 3.Nc3 Nf6 4.e5 Nfd7 5.Nce2 c5 6.c3 Nc6 7.f4 f6 8.Nf3 cxd4
9.cxd4 Bb4+ 10.Nc3 fxe5 11.fxe5 O-O 12.Bd3 Rxf3 13.Qxf3 Qh4+ 14.Kd1 Nxd4
15.Qf4 Qh5+ 16.g4 Qxe5 17.Rf1 Qxf4 18.Bxf4 Nc5 19.Bd6 Bd7 20.Bxc5 Bxc5 21.Rc1 Be7
22.Ne2 Nc6 23.Nf4 Rd8 24.h3 Bg5 25.Rc3 Nb4 26.Bb1 e5 27.Nd3 Nxd3 28.Bxd3 e4
29.Bc2 Bc6 30.Bb3 h6 31.Rf5 Kh7 32.Rc5 d4 33.Rcd5 Bxd5 34.Rxd5 Kg6 35.Rxd8 Bxd8
36.Bd5 e3 37.Ke2 Kg5 38.Bxb7 Kh4 39.Bg2 Kg3 40.Bf1 g6 41.b4 a5 42.bxa5 Bxa5
43.a4 Bd8 44.Kd3 Bb6 45.Ke2 g5 46.Kd3 Kf2 47.Be2 Kg2 48.Bd1 Kxh3 49.Be2 Kg3
50.Ke4 Kf2 51.Kd3 Ba5 52.Bd1 Bb4 53.Be2 Bc3 54.Bd1 Kg3 55.Ke4 Kf2 56.Kd3 Ba5
57.Be2 Bb6 58.Bd1 Kg2 59.Be2 Kf2 60.Bd1 Kg3 61.Ke4  1/2-1/2

[Event "Yerevan"]
[Site "Yerevan"]
[Date "1996.??.??"]
[Round "8"]
[White "Lputian, Smbat G"]
[Black "Gulko, Boris F"]
[Result "1/2-1/2"]
[WhiteElo "2580"]
[BlackElo "2615"]

1.d4 Nf6 2.c4 e6 3.Nf3 Bb4+ 4.Nbd2 O-O 5.a3 Be7 6.e4 d5 7.e5 Nfd7 8.b4 a5
9.b5 c5 10.cxd5 exd5 11.Bd3 cxd4 12.Nb3 a4 13.Nbxd4 Nc5 14.O-O Nbd7 15.Nf5 Nxd3
16.Qxd3 Nc5 17.Nxe7+ Qxe7 18.Qxd5 Nb3 19.Bg5 Qe6 20.Rad1  1/2-1/2

[Event "ARM-ch"]
[Site "Yerevan"]
[Date "1996.??.??"]
[Round "9"]
[White "Lputian, Smbat G"]
[Black "Anastasian, Ashot"]
[Result "1-0"]
[WhiteElo "2580"]
[BlackElo "2520"]

1.d4 Nf6 2.c4 c6 3.Nc3 d5 4.e3 g6 5.Nf3 Bg7 6.h3 O-O 7.Bd3 a6 8.O-O b5 9.b3 Nbd7
10.Qe2 Re8 11.Bb2 Rb8 12.cxd5 cxd5 13.Rfc1 Bb7 14.b4 Ne4 15.a4 Nxc3 16.Rxc3 bxa4
17.Rxa4 e5 18.dxe5 Nxe5 19.Nxe5 Bxe5 20.Rc5 d4 21.e4 Bxe4 22.Qxe4 Bh2+ 23.Kxh2 Rxe4
24.Bxe4 Qh4 25.Bf3 Qf4+ 26.Kg1 Re8 27.Ra1 Qd2 28.Bc1 Qe1+ 29.Kh2 Qxb4 30.Ba3 Qd2
31.Rd1 Qxf2 32.Rd5 Re1 33.R1xd4 Kg7 34.Rd3 h5 35.Bc5 Qh4 36.R5d4 Qg5 37.Bd6 Qc1  1-0

[Event "ARM-ch"]
[Site "Yerevan"]
[Date "1996.??.??"]
[Round "10"]
[White "Mirumian, Vigen"]
[Black "Lputian, Smbat G"]
[Result "1/2-1/2"]
[WhiteElo "2425"]
[BlackElo "2580"]

1.Nf3 Nf6 2.g3 g6 3.Bg2 Bg7 4.O-O O-O 5.c4 c6 6.Nc3 d6 7.Rb1 d5 8.b3 d4 9.Na4 Bf5
10.d3 Na6 11.Bd2 Rc8 12.b4 b5 13.Nb2 Nb8 14.a4 a6 15.axb5 axb5 16.Ra1 Nfd7
17.Ra5 bxc4 18.Nxc4 Be6 19.Qc2 Bd5 20.Rc1 h6 21.Ne1 Nf6 22.Ne5 Bxg2 23.Kxg2 Nd5
24.N1f3 Qd6 25.Nc4 Qe6 26.e4 dxe3 27.Nxe3 Rfd8 28.Rc5 Nc7 29.Nc4 Nd7 30.Ra5 Nb5
31.Ra6 Nb8 32.Ra5 Nd7 33.Ra6 Qd5 34.Ne3 Qxf3+ 35.Kxf3 Nd4+ 36.Kg2 Nxc2 37.Rxc2 Ne5
38.Nc4 Nxd3 39.Na5 c5 40.Rc6 Rxc6 41.Nxc6 Rd7 42.bxc5 Rc7 43.Na5 Rxc5 44.Rxc5 Nxc5
45.Bb4 Bd4 46.Nc6 Nd3 47.Bxe7 Bxf2 48.Nb4 Bc5 49.Nxd3 Bxe7 50.g4 Kg7 51.Kf3 Bh4
52.Ke4 Kf6 53.Ne5  1/2-1/2

[Event "ARM-ch"]
[Site "Yerevan"]
[Date "1996.??.??"]
[Round "11"]
[White "Lputian, Smbat G"]
[Black "Aronian, Levon"]
[Result "1/2-1/2"]
[WhiteElo "2580"]
[BlackElo "2310"]

1.d4 Nf6 2.c4 g6 3.Nc3 d5 4.Nf3 Bg7 5.Qb3 dxc4 6.Qxc4 O-O 7.e4 Na6 8.Be2 c5
9.d5 e6 10.O-O exd5 11.exd5 b5 12.Nxb5 Qxd5 13.Bf4 Be6 14.Qa4 Qe4 15.Qxe4 Nxe4
16.Be5 Rfd8 17.Rfc1 Bh6 18.Nc3 Nxc3 19.Rxc3 Nb4 20.a3 Nc6 21.Rxc5 Nxe5 22.Nxe5 Rd2
23.Bf3 Rc8 24.Rxc8+ Bxc8 25.Nc6 Bd7 26.Nb8 Bg7 27.Rd1 Rxd1+ 28.Bxd1 Bb5 29.a4 Be5  1/2-1/2

[Event "WchT 4th"]
[Site "Luzern"]
[Date "1997.10.25"]
[Round "1"]
[White "Gallagher, Joseph G"]
[Black "Lputian, Smbat G"]
[Result "0-1"]
[WhiteElo "2525"]
[BlackElo "2585"]

1.e4 e6 2.d4 d5 3.Nc3 Bb4 4.e5 c5 5.a3 Ba5 6.b4 cxd4 7.Nb5 Bc7 8.f4 Bd7 9.Nf3 Bxb5
10.Bxb5+ Nd7 11.O-O Ne7 12.Nxd4 O-O 13.Bd3 g6 14.Bb2 Nb6 15.Qf3 Na4 16.Bc1 Bb6
17.Be3 Nb2 18.a4 a6 19.a5 Ba7 20.Nb3 Nxd3 21.cxd3 d4 22.Bf2 Qd5 23.Qxd5 Nxd5
24.Bxd4 Bxd4+ 25.Nxd4 Rfd8 26.Nb3 Nxb4 27.Nc5 Rab8 28.Rab1 Nxd3 29.Nxb7 Rd5
30.g3 g5 31.Rb3 Kg7 32.fxg5 Nxe5 33.h4 Rc8 34.Rfb1 Kg6 35.Rb6 Kh5 36.Rd6 Rc2
37.Rxd5 exd5 38.Rb4 d4 39.Nd6 d3 40.Nf5  0-1

[Event "WchT 4th"]
[Site "Luzern"]
[Date "1997.10.30"]
[Round "6"]
[White "Lputian, Smbat G"]
[Black "Gulko, Boris F"]
[Result "1/2-1/2"]
[WhiteElo "2585"]
[BlackElo "2580"]

1.d4 Nf6 2.c4 e6 3.Nf3 Bb4+ 4.Nbd2 d6 5.g3 Nc6 6.Bg2 e5 7.O-O exd4 8.Nb3 O-O
9.Nfxd4 Nxd4 10.Qxd4 Nd7 11.Bd2 a5 12.Bxb4 axb4 13.Qd2 Qf6 14.Nd4 c6 15.Rfd1 Ra6
16.b3 Rd8 17.Nc2 c5 18.a3 bxa3 19.Rxa3 Qb2 20.Rxa6 bxa6 21.Ne3 Qxd2 22.Rxd2 Nf6
23.Ra2 Kf8 24.Kf1 Ne8 25.Ke1 Nc7 26.Kd2 Be6 27.Kc3 Rb8 28.g4 g5 29.Ra1 Ke7
30.Rd1 Rh8 31.Bf3 h5 32.h3 hxg4 33.hxg4 Rh2 34.Nf1 Rh4 35.Ng3 Bxg4 36.Bxg4 Rxg4
37.Nf5+ Ke6 38.f3 Rf4 39.Ne3 Rh4 40.Rg1 f6 41.Rb1 Rh8 42.Ra1 f5 43.b4 cxb4+
44.Kxb4 d5 45.cxd5+ Nxd5+ 46.Nxd5 Kxd5 47.Kc3 Ra8 48.Ra5+ Ke6 49.Kd2 Rd8+
50.Ke1 Rd6 51.e4  1/2-1/2

[Event "WchT 4th"]
[Site "Luzern"]
[Date "1997.10.31"]
[Round "7"]
[White "Ioseliani, Nana"]
[Black "Lputian, Smbat G"]
[Result "0-1"]
[WhiteElo "2520"]
[BlackElo "2585"]

1.d4 Nf6 2.c4 e6 3.Nc3 d5 4.Nf3 dxc4 5.e3 c5 6.Bxc4 a6 7.dxc5 Qxd1+ 8.Kxd1 Bxc5
9.Ke2 b5 10.Bd3 Bb7 11.a3 Nbd7 12.Bd2 Ke7 13.Rhc1 Bd6 14.b4 Rhd8 15.Be1 Ne5
16.Nxe5 Bxe5 17.f4 Bxc3 18.Rxc3 Bxg2 19.Bh4 Kf8 20.Bxf6 gxf6 21.Bxh7 f5 22.Rg1 Bh3
23.e4 Bg4+ 24.Ke3 Rac8 25.Rxc8 Rxc8 26.Kd2 Ke7 27.Rg3 Rd8+ 28.Kc1 Kf6 29.exf5 exf5
30.h3 Be2 31.Rg5 Bd3 32.Bg8 Rd4 33.Kd2 Bc4+ 34.Ke1 Rxf4 35.Rg3 Rh4 36.Kf2 Rh6
37.Ke3  0-1

[Event "Biel op MTO"]
[Site "Biel"]
[Date "1997.??.??"]
[Round "1"]
[White "Lputian, Smbat G"]
[Black "Alexandria, Nana"]
[Result "1-0"]
[WhiteElo "2585"]
[BlackElo "2295"]

1.d4 b5 2.e4 Bb7 3.Nd2 a6 4.a4 b4 5.c4 bxc3 6.bxc3 a5 7.Ba3 d6 8.Qb3 Ra7
9.Ngf3 e6 10.Bb5+ Nd7 11.d5 exd5 12.exd5 g6 13.O-O Bg7 14.c4 Nf6 15.Qe3+  1-0

[Event "Biel op MTO"]
[Site "Biel"]
[Date "1997.??.??"]
[Round "2"]
[White "Henrichs, Thomas"]
[Black "Lputian, Smbat G"]
[Result "1-0"]
[WhiteElo "2415"]
[BlackElo "2585"]

1.d4 d6 2.Nf3 Nf6 3.c4 g6 4.Nc3 Bg7 5.e4 O-O 6.h3 e5 7.d5 c6 8.Bg5 a5 9.Nd2 Na6
10.Be2 h6 11.Be3 Nd7 12.g4 Ndc5 13.a3 Bd7 14.b3 f5 15.f3 cxd5 16.cxd5 b5
17.Nxb5 Qb6 18.Nc3 Nd3+ 19.Bxd3 Qxe3+ 20.Qe2 Qd4 21.Rc1 Nc5 22.Bc4 Bf6 23.Qf2 Bg5
24.Qxd4 exd4 25.Ne2 d3 26.Nc3 fxg4 27.hxg4 Rxf3 28.Nxf3 Bxc1 29.b4 axb4 30.axb4 Ra3
31.Nb1 Ra4 32.bxc5 Rxc4 33.c6 Be3 34.Kf1 Bxg4 35.Kg2 Rc2+ 36.Kg3 h5 37.Na3 Ra2
38.Nc4 Bc5 39.Nh2 Bc8 40.e5 Rc2 41.Nxd6 d2 42.Rd1 Rc3+ 43.Kf4 Be3+ 44.Ke4 Bh3
45.e6 Bg5 46.Nf7 Bg2+ 47.Ke5 Re3+ 48.Kd4 Re4+ 49.Kd3 Bf6 50.c7 Rd4+ 51.Ke3 Rc4
52.d6 Bh3 53.Nd8 Bg5+ 54.Ke2 Re4+ 55.Kd3 Re3+ 56.Kd4 Rxe6 57.Nxe6 Bxe6 58.Nf3 Bf4
59.Ne5 Kg7 60.Rxd2 Bxd2 61.d7  1-0

[Event "Biel op MTO"]
[Site "Biel"]
[Date "1997.??.??"]
[Round "4"]
[White "Remling, Christian"]
[Black "Lputian, Smbat G"]
[Result "0-1"]
[WhiteElo "2310"]
[BlackElo "2585"]

1.b4 Nf6 2.Bb2 e6 3.b5 b6 4.e3 Bb7 5.Nf3 Be7 6.Be2 O-O 7.O-O c5 8.c4 d6 9.d3 Nbd7
10.a4 a5 11.bxa6 Rxa6 12.Nc3 Ne8 13.d4 cxd4 14.exd4 Ra8 15.Nd2 Ndf6 16.Bf3 d5
17.cxd5 Nxd5 18.Nb5 Nd6 19.Nxd6 Bxd6 20.Qb3 Qd7 21.Nc4 Rfb8 22.Ne3 Nf4 23.Bxb7 Qxb7
24.Rfd1 Ra5 25.d5 Nxd5 26.Nc4 Qc7 27.Nxa5 bxa5 28.Qa2 Bxh2+ 29.Kh1 Qf4 30.g3 Qf3+  0-1

[Event "Biel op MTO"]
[Site "Biel"]
[Date "1997.??.??"]
[Round "8"]
[White "Kaenel, Hansjuerg"]
[Black "Lputian, Smbat G"]
[Result "0-1"]
[WhiteElo "2355"]
[BlackElo "2585"]

1.Nf3 d5 2.e3 g6 3.c4 dxc4 4.Bxc4 Bg7 5.d4 Nf6 6.O-O O-O 7.b4 a5 8.b5 Nfd7
9.Bb2 Nb6 10.Be2 c5 11.Nbd2 a4 12.Rc1 a3 13.Ba1 cxd4 14.Bxd4 Bxd4 15.Nxd4 e5
16.N4f3 Qe7 17.Nc4 Nxc4 18.Bxc4 Nd7 19.Be2 Nb6 20.Qc2 f6 21.Qc7 Qxc7 22.Rxc7 Rf7
23.Rc3 Be6 24.Ne1 Rd7 25.Nc2 Rd2 26.Bf3 Nd5 27.Rxa3 Rxa3 28.Nxa3 Rxa2 29.Nc4 Rc2
30.Nd6 b6 31.Ra1 Kf8 32.h4 Ke7 33.Ne4 Bd7 34.h5 Bxb5 35.hxg6 hxg6 36.Ng3 Rc5
37.Ra7+ Rc7 38.Ra3 Bc4 39.Ra4 b5 40.Rxc4 bxc4 41.Bxd5 c3 42.Ne2 c2 43.g4 Rd7
44.Be4 Rd2 45.Bxc2 Rxc2 46.Ng3 Rc4 47.f3 Rc2 48.Kf1 Ke6 49.Ne4 Rb2 50.Ke1 Rb6
51.Ke2 Kd5 52.Nd2 Ra6 53.Kd3 Ra3+ 54.Ke2 Ke6 55.Ne4 f5 56.gxf5+ gxf5 57.Nc5+ Kd5
58.Nd3 Ra2+ 59.Ke1 Rh2 60.Kd1 e4 61.Ne1 Kc4 62.fxe4 fxe4 63.Nc2 Kd3 64.Nb4+ Kxe3
65.Nd5+ Kf3 66.Nc3 e3 67.Nb5 e2+ 68.Kd2 Kf2  0-1

[Event "Biel op MTO"]
[Site "Biel"]
[Date "1997.??.??"]
[Round "9"]
[White "Berzinsh, Roland"]
[Black "Lputian, Smbat G"]
[Result "0-1"]
[WhiteElo "2440"]
[BlackElo "2585"]

1.e4 e6 2.d4 d5 3.exd5 exd5 4.Bd3 c5 5.Qe2+ Be7 6.dxc5 Nf6 7.Nf3 O-O 8.O-O Re8
9.Bg5 h6 10.Bh4 g5 11.Bg3 Bxc5 12.Qd1 Nc6 13.c4 Bg4 14.Nbd2 Nd4 15.Re1 Rxe1+
16.Qxe1 dxc4 17.Be4 Bb4 18.Qe3 c3 19.bxc3 Bxc3 20.Rb1 Qa5 21.Nb3 Nxb3 22.Rxb3 Nxe4
23.Qxe4 Be6 24.Rxc3 Qxc3 25.h4 Rd8 26.hxg5 hxg5 27.Be5 Qd3 28.Qb4 g4 29.Nd4 Qe4
30.Bf6 Bd5 31.f3 Qe3+ 32.Kh1 Qh6+  0-1

[Event "Biel op MTO"]
[Site "Biel"]
[Date "1997.??.??"]
[Round "10"]
[White "Hobuss, Udo"]
[Black "Lputian, Smbat G"]
[Result "0-1"]
[WhiteElo "2390"]
[BlackElo "2585"]

1.Nf3 d5 2.e3 g6 3.c4 Nf6 4.Nc3 Bg7 5.Qb3 dxc4 6.Bxc4 O-O 7.Ne5 e6 8.d4 a6
9.O-O Nbd7 10.Nxd7 Nxd7 11.a4 e5 12.d5 f5 13.e4 Kh8 14.Qc2 f4 15.f3 Nf6 16.b3 g5
17.Ba3 g4 18.Rfd1 Bd7 19.a5 Nh5 20.d6 c6 21.Bc5 Rf6 22.Be2 g3 23.h3 Rg6 24.Rd2 Bf6
25.Na4 Ng7 26.Nb6 Ne6 27.b4 Ng5 28.Nxa8 Qxa8 29.Rd3 Qg8 30.Bf1 Qg7 31.Ra2 Qh6
32.Bb6 Ne6 33.Rd2 Qh4 34.Rd3 Rh6 35.Qe2 Qh5 36.Rdd2 Ng5 37.Rd3 Rg6 38.Rc2 Rg8
39.Ra2 Qf7 40.Rc2 Qe8 41.Bc5 Ne6 42.Rc1 Bd8 43.Qb2 Nf8 44.Rdd1 Ng6 45.Rd2 Nh4
46.Qc3 Qh5 47.Rcc2 Bxh3 48.d7 Rg7 49.Bd6 Be6 50.Qxe5 Nf5 51.Bxa6 Qh2+ 52.Kf1 Qh1+
53.Ke2 Qxg2+ 54.Ke1 Qg1+ 55.Ke2 g2 56.Rd3 Ne3 57.Qxe6 Qf2+  0-1

[Event "EU-chT (Men)"]
[Site "Pula"]
[Date "1997.??.??"]
[Round "3"]
[White "Mohr, Georg"]
[Black "Lputian, Smbat G"]
[Result "1/2-1/2"]
[WhiteElo "2495"]
[BlackElo "2615"]

1.e4 e6 2.d4 d5 3.Nd2 Nf6 4.e5 Nfd7 5.c3 c5 6.Bd3 Nc6 7.Ngf3 cxd4 8.cxd4 f5
9.h4 Be7 10.Nb3 Nf8 11.Bg5 Ng6 12.Qd2 h6 13.Bxe7 Ngxe7 14.h5 a5 15.Bb5 O-O
16.Nc5 b6 17.Nd3 Ba6 18.Bxa6 Rxa6 19.O-O Qd7 20.Rfc1  1/2-1/2

[Event "EU-chT (Men)"]
[Site "Pula"]
[Date "1997.??.??"]
[Round "5"]
[White "Lputian, Smbat G"]
[Black "Allahverdiev, Anar"]
[Result "1-0"]
[WhiteElo "2615"]
[BlackElo "2380"]

1.d4 Nf6 2.c4 e6 3.Nf3 Bb4+ 4.Nbd2 b6 5.a3 Bxd2+ 6.Qxd2 Bb7 7.e3 d6 8.Be2 Nbd7
9.O-O O-O 10.b4 c5 11.Bb2 Qc7 12.Rfd1 Rfd8 13.Rac1 Rac8 14.Qc2 h6 15.h3 Be4
16.Qc3 Ba8 17.d5 cxb4 18.axb4 exd5 19.Qb3 Qb7 20.cxd5 Rxc1 21.Bxc1 b5 22.Nh4 Nb6
23.Bb2 Qe7 24.Nf5 Qe4 25.Nxh6+ Kf8 26.Bxf6 gxf6 27.Bf3 Qg6 28.Ng4 f5 29.Nh2 Rc8
30.Nf1 Nc4 31.Ng3 Re8 32.Ne2 Ne5 33.Nd4 Rc8 34.Be2 a6 35.Bf1 Bb7 36.Ne2 Qf6
37.Qb1 Ng6 38.g3 Ne7 39.Bg2 Rc4 40.Nd4 Qe5 41.Qd3 Rxb4 42.Nc6 Bxc6 43.dxc6 Nc8
44.Rc1 Ke7 45.c7 Qb2 46.Rd1 Qe5 47.Bb7 Kd7 48.Rc1 Ra4 49.Qb3 Qe6 50.Bd5 Qe5
51.Bc6+ Ke7 52.Bb7  1-0

[Event "Reggio Emilia9798 40th"]
[Site "Reggio Emilia"]
[Date "1998.01.03"]
[Round "8"]
[White "Godena, Michele"]
[Black "Lputian, Smbat G"]
[Result "0-1"]
[WhiteElo "2515"]
[BlackElo "2585"]

1.e4 e6 2.d4 d5 3.Nd2 c5 4.exd5 exd5 5.Ngf3 Nc6 6.Bb5 Bd6 7.dxc5 Bxc5 8.O-O Ne7
9.Nb3 Bd6 10.h3 O-O 11.Bd3 h6 12.Be3 Bf5 13.c3 Re8 14.Re1 Bg6 15.Bxg6 Nxg6
16.Qd2 Nce5 17.Nxe5 Rxe5 18.Rad1 Qe7 19.Nd4 Bc5 20.Nc2 Bxe3 21.Nxe3 Re8 22.Nc2 Qh4
23.Rxe5 Rxe5 24.Qd4 Qg5 25.Ne3 Nf4 26.h4 Qf6 27.Ng4 Qf5 28.Nxe5 Ne2+ 29.Kf1 Nxd4
30.cxd4  0-1

[Event "New York op"]
[Site "New York"]
[Date "1998.03.16"]
[Round "2"]
[White "Lputian, Smbat G"]
[Black "Izeta Txabarri, Felix"]
[Result "1-0"]
[WhiteElo "2610"]
[BlackElo "2475"]

1.d4 Nf6 2.c4 e6 3.Nf3 Bb4+ 4.Nbd2 b6 5.g3 Bb7 6.Bg2 c5 7.O-O cxd4 8.Nb3 O-O
9.Nbxd4 d5 10.Qa4 Qe7 11.Ne5 Qe8 12.Qxe8 Rxe8 13.Rd1 Bd6 14.Bf4 Bxe5 15.Bxe5 Nbd7
16.Bd6 a6 17.cxd5 Bxd5 18.f3 Rac8 19.e4 Bb7 20.Bf1 g5 21.Rac1 g4 22.e5 Nd5
23.fxg4 Ne3 24.Re1 Nxf1 25.Kxf1 Bd5 26.b3 Nc5 27.Bxc5 bxc5 28.Ne2 c4 29.b4 Rb8
30.Rb1 Be4 31.Rb2 Red8 32.Nc3 Bf3 33.Kf2 Bxg4 34.Re4 Bf5 35.Rxc4 Rbc8 36.Rxc8 Rxc8
37.Na4 Rc4 38.a3 h5 39.Nc5 a5 40.Nd7 axb4 41.axb4 h4 42.b5 hxg3+ 43.hxg3 Rc7
44.Nf6+ Kf8 45.b6 Rb7 46.Ke3 Ke7 47.Ra2 Rb8 48.Ra7+ Kd8 49.Nd7  1-0

[Event "New York op"]
[Site "New York"]
[Date "1998.03.18"]
[Round "5"]
[White "Shaked, Tal"]
[Black "Lputian, Smbat G"]
[Result "0-1"]
[WhiteElo "2535"]
[BlackElo "2610"]

1.e4 e6 2.d4 d5 3.Nc3 Bb4 4.exd5 exd5 5.Bd3 Nc6 6.a3 Bxc3+ 7.bxc3 Nf6 8.Ne2 O-O
9.O-O Na5 10.Bg5 Qd6 11.Qb1 Nc4 12.Qb4 Qxb4 13.cxb4 Ne4 14.Bxe4 dxe4 15.Nc3 f5
16.Bf4 c6 17.d5 Bd7 18.h4 Kf7 19.Rfd1 cxd5 20.Nxd5 Be6 21.f3 Rad8 22.Ne3 Rxd1+
23.Rxd1 Nxa3 24.fxe4 fxe4 25.Ra1 Nb5 26.Be5 Rc8 27.Rf1+ Kg8 28.Rd1 Nc7 29.Rd6 Kf7
30.Rd2 b6 31.Rf2+ Kg8 32.Rd2 h5 33.Kh1 Kf7 34.Rf2+ Kg6 35.Rd2 Nb5 36.Bb2 a5
37.bxa5 bxa5 38.c4 Bxc4 39.Rd7 Bf7 40.Rb7 Rc5 41.Rb6+ Kh7 42.Rb7 Nd6 43.Rd7 Nf5
44.Nxf5 Rxf5 45.Bc3 a4 46.Ra7 Rf4 47.Kg1 e3 48.Re7 a3 49.Rxe3 a2 50.Rf3 Rc4
51.Be5 Bd5 52.Rd3 Re4 53.Bc3 Bc6 54.Rd6 Re3 55.Bb2 Re2 56.Bc3 Rxg2+ 57.Kf1 Rc2  0-1

[Event "Elista ol (Men)"]
[Site "Elista"]
[Date "1998.09.29"]
[Round "1"]
[White "El Ghazali, Youssef M"]
[Black "Lputian, Smbat G"]
[Result "0-1"]
[WhiteElo "2335"]
[BlackElo "2615"]

1.c4 e6 2.g3 d5 3.Bg2 Nf6 4.Nf3 Be7 5.O-O O-O 6.b3 c5 7.Bb2 d4 8.e3 Nc6 9.exd4 cxd4
10.Re1 Re8 11.d3 Bf8 12.Na3 e5 13.Nc2 a5 14.a3 Bg4 15.Qd2 Nd7 16.b4 Rc8 17.h3 Bh5
18.Rab1 h6 19.Nh4 axb4 20.axb4 b5 21.c5 Qf6 22.Be4 Ne7 23.f4 g5 24.fxg5 hxg5
25.Rf1 Qh6 26.Nf5 Nxf5 27.Rxf5 Bg6 28.Rxg5 Nf6 29.Bf5 Ra8 30.Bxg6 fxg6 31.Bc1 Nh7
32.h4 Nxg5 33.Qg2 Be7 34.Qd5+ Kh7 35.Bxg5 Bxg5 36.hxg5 Qxg5 37.Qb7+ Kh6 38.Qh1+ Kg7
39.Qb7+ Kh6 40.Qh1+ Qh5 41.Qxh5+ Kxh5 42.Re1 Kg4 43.Kg2 Kf5 44.Kf3 e4+ 45.dxe4+ Ke5
46.Rd1 Red8 47.Ne1 Rf8+ 48.Kg4 Kxe4 49.Nd3 Rf3 50.Ne5 Re3 51.Nf7 Raa3 52.Kg5 Rxg3+
53.Kf6 Kd5 54.Nd6 Rad3 55.Rc1 Rdf3+ 56.Ke7 Kc6 57.Ra1 Ra3 58.Rd1 Rae3+ 59.Kf6 d3
60.Ra1 d2 61.Nc8 Rgf3+ 62.Kg5 Re1 63.Na7+ Kd5  0-1

[Event "Elista ol (Men)"]
[Site "Elista"]
[Date "1998.10.06"]
[Round "8"]
[White "Kobalija, Mihail"]
[Black "Lputian, Smbat G"]
[Result "1/2-1/2"]
[WhiteElo "2505"]
[BlackElo "2615"]

1.e4 e6 2.d4 d5 3.Nd2 c5 4.exd5 exd5 5.Ngf3 Nc6 6.Bb5 Bd6 7.dxc5 Bxc5 8.O-O Ne7
9.c4 O-O 10.Nb3 Bd6 11.c5 Bc7 12.Bg5 f6 13.Bh4 Bg4 14.Bg3 Be5 15.Rb1 a5 16.Be2 Bf5
17.Bd3 a4 18.Nc1 Bg4 19.Be2 Re8 20.Nd3 Nf5 21.Re1 Nxg3 22.hxg3 Bf5 23.Rc1 a3
24.bxa3 Rxa3 25.Ndxe5 fxe5 26.Bb5 Bg4 27.Qd2 Bxf3 28.Qb2 Qa8 29.gxf3 Rxf3
30.Bxc6 bxc6 31.Rxe5 Rxe5 32.Qxe5 Qxa2 33.Qe6+ Rf7 34.Rf1 Qa8 35.Rb1 g6 36.Kg2 Qa3
37.Qe8+ Rf8 38.Qe6+ Rf7 39.Qe8+ Rf8  1/2-1/2

[Event "New York op"]
[Site "New York"]
[Date "1998.??.??"]
[Round "4"]
[White "Lputian, Smbat G"]
[Black "Dlugy, Maxim"]
[Result "1-0"]
[WhiteElo "2610"]
[BlackElo "2540"]

1.d4 d5 2.c4 dxc4 3.e3 e6 4.Bxc4 Nf6 5.Nf3 c5 6.Qe2 a6 7.dxc5 Bxc5 8.e4 Qc7
9.e5 Ng4 10.O-O Nxf2 11.b4 Nh3+ 12.Kh1 Nf2+ 13.Rxf2 Bxf2 14.Nbd2 Ba7 15.Ne4 O-O
16.Nf6+ gxf6 17.exf6 Nd7 18.Qd2 Rd8 19.Qg5+ Kf8 20.Bf4 Qc6 21.Rd1 Nxf6 22.Rxd8+ Ne8
23.Ne5  1-0

[Event "Hoogovens-B"]
[Site "Wijk aan Zee"]
[Date "1999.01.29"]
[Round "9"]
[White "Glek, Igor V"]
[Black "Lputian, Smbat G"]
[Result "1/2-1/2"]
[WhiteElo "2566"]
[BlackElo "2614"]

1.e4 e6 2.d4 d5 3.Nd2 c5 4.Ngf3 Nc6 5.exd5 exd5 6.Bb5 Bd6 7.dxc5 Bxc5 8.O-O Ne7
9.c4 O-O 10.Nb3 Bd6 11.c5 Bc7 12.Bg5 Bg4 13.Re1 f6 14.Bh4 Be5 15.Rb1 Nf5
16.Bg3 Re8 17.Qd2 Bxf3 18.gxf3 Nfd4 19.Nxd4 Nxd4 20.Qd3 Nxb5 21.Qxb5 Bxg3
22.hxg3 Re7 23.Qd3 Rxe1+ 24.Rxe1 Qd7 25.b4 Rd8 26.b5 d4 27.Rc1 Qd5 28.a4 g6
29.Rc4 Rd7 30.Kg2 Kg7 31.c6 bxc6 32.bxc6 Rc7 33.Rxd4 Qxc6 34.Qe3  1/2-1/2

[Event "Hoogovens-B"]
[Site "Wijk aan Zee"]
[Date "1999.01.30"]
[Round "10"]
[White "Lputian, Smbat G"]
[Black "Ionov, Sergey"]
[Result "1/2-1/2"]
[WhiteElo "2614"]
[BlackElo "2551"]

1.d4 d5 2.c4 dxc4 3.Nf3 e6 4.e3 c5 5.Bxc4 a6 6.O-O Nf6 7.b3 cxd4 8.Nxd4 Bd7
9.Bb2 Nc6 10.Nf3 Qc7 11.Nbd2 Rd8 12.Rc1 Qb8 13.Qc2 Be7 14.Rfd1 O-O 15.Ng5 Ne5
16.Nde4 Nxe4 17.Qxe4 Bxg5 18.Bxe5 Bc6 19.Qxc6 Qxe5 20.Qxb7 a5 21.g3 g6 22.Qb5 Qxb5
23.Bxb5 Rxd1+ 24.Rxd1 Rd8 25.Rc1 Rd2 26.Rc7 Kf8 27.Rc8+ Kg7 28.a3 Ra2 29.Ra8 Rxa3
30.Ba4 Be7 31.Rxa5 Ra2 32.Rb5 Rb2 33.Rb7 Kf8 34.Bc6 h6 35.h4 h5 36.Kg2 Bd6
37.Kf3 Be7 38.Be4 Bd6 39.Bd3 Be7 40.Bc4 Bd6 41.Rd7 Bb4 42.Rd1 Ke7 43.Rf1 Ra2
44.Ke4 Rd2 45.f4 Rg2 46.Kf3 Ra2 47.Rc1 Bd2 48.Rd1 Bb4 49.Bb5 Bd6 50.Rc1 Ra5
51.Bd3 Ra3 52.Rc3 Ra2 53.Rc8 Rb2 54.Bc4 Bb4 55.e4 Be1 56.e5 Rd2 57.Bb5 Rd8
58.Rc1 Bd2 59.Rc7+ Kf8 60.Rb7 Be1 61.Rc7 Ba5 62.Ra7 Bd2 63.Bc4 Rd4 64.Ra8+ Kg7
65.Ra4 Be1 66.Ra1 Bb4 67.Ke3 Bc5 68.Ke2 Re4+ 69.Kf3 Re3+ 70.Kg2 Rc3 71.Ra2 Be3
72.Rb2 Bc1 73.Rb1 Be3 74.Be2 Bb6 75.b4 Rc2 76.Re1 Rb2 77.b5 Ba5 78.Ra1 Rxe2+
79.Kf3 Bc3 80.Kxe2 Bxa1 81.Kd3  1/2-1/2

[Event "ARM-ch"]
[Site "Yerevan"]
[Date "1999.10.17"]
[Round "2"]
[White "Nadanian, Ashot"]
[Black "Lputian, Smbat G"]
[Result "1-0"]
[WhiteElo "2410"]
[BlackElo "2625"]

1.d4 e6 2.c4 d5 3.Nc3 c6 4.e3 f5 5.g4 Nf6 6.gxf5 exf5 7.Nf3 Bd6 8.Qb3 dxc4
9.Bxc4 Qe7 10.Ng5 Rf8 11.Bd2 h6 12.Ne6 b5 13.Nxb5 cxb5 14.Bxb5+ Nbd7 15.Rc1 Rb8
16.Rg1 g5 17.Nc7+ Bxc7 18.Rxc7 Qf7 19.Qc3 Kd8 20.Qa5 Rb6 21.Rxa7 Qe6 22.Bb4 Rf7
23.Ra8 Nd5 24.Bc4 N7f6 25.Rb8 Rc7 26.Rxb6 Qxb6 27.Bxd5 Qxa5 28.Bxa5 Nxd5
29.Kd2 Kd7 30.Bxc7 Nxc7 31.b4 Nd5 32.b5 Bb7 33.a4 Nb6 34.a5 Nc4+ 35.Kc3 Nd6
36.Kb4 Bf3 37.Rc1 g4 38.b6  1-0

[Event "ARM-ch"]
[Site "Yerevan"]
[Date "1999.10.18"]
[Round "3"]
[White "Lputian, Smbat G"]
[Black "Sargissian, Gabriel"]
[Result "1-0"]
[WhiteElo "2625"]
[BlackElo "2470"]

1.d4 d5 2.c4 e6 3.Nc3 Be7 4.Nf3 Nf6 5.Bg5 h6 6.Bh4 O-O 7.Rc1 b6 8.cxd5 Nxd5
9.Nxd5 exd5 10.Bxe7 Qxe7 11.g3 Ba6 12.e3 c5 13.Bxa6 Nxa6 14.O-O Qb7 15.b3 Rac8
16.Nh4 Rfd8 17.Qg4 Kh7 18.Rfd1 g6 19.Nf3 Qe7 20.Ne5 Qe6 21.Qf4 Kg7 22.h4 Qf6
23.Qg4 Nb4 24.dxc5 Nxa2 25.Rc2 Qxe5 26.Rxa2 bxc5 27.Rxa7 Qe4 28.Qxe4 dxe4
29.Rc1 Rd2 30.Rc4 Rb2 31.Rb7 Kg8 32.Rb5 Rc6 33.Rxe4 Rf6 34.Rf4 Rxf4 35.gxf4 Kg7
36.Kg2 Rc2 37.Kg3 c4 38.bxc4 Rxc4 39.f3 Rc1 40.f5 gxf5 41.Rxf5 Ra1 42.e4 Rg1+
43.Kf4 Rh1 44.Kg4 Kg6 45.Rb5 Rg1+ 46.Kf4 Rh1 47.Rb6+ Kg7 48.Kg4 Rg1+ 49.Kh5 Rf1
50.Rb3 Re1 51.Rb7 Rf1 52.Kg4 Rg1+ 53.Kf5 Rh1 54.Kg4 Rg1+ 55.Kh5 Rf1 56.Rb3 Re1
57.Rb5 Rf1 58.Rf5 Ra1 59.e5 Re1 60.f4 Rg1 61.Rf6 Rf1 62.Kg4 Rg1+ 63.Kf3 Rh1
64.Kg3 Rg1+ 65.Kh2 Ra1 66.h5 Ra2+ 67.Kg3 Ra3+ 68.Kg4 Ra1 69.Rb6 Rg1+ 70.Kf3 Rf1+
71.Ke4 Re1+ 72.Kd5 Rd1+ 73.Kc6 Rf1 74.Rb4 Kf8 75.Kd5 Kg7 76.Kd6 Rf2 77.Ke7 Rf1
78.Rb6 Ra1 79.f5 Ra7+ 80.Kd6 Ra1 81.f6+ Kg8 82.Rb8+ Kh7 83.Rb7 Ra6+ 84.Ke7 Re6+
85.Kxf7 Rxe5 86.Re7 Ra5 87.Ke6+  1-0

[Event "ARM-ch"]
[Site "Yerevan"]
[Date "1999.10.24"]
[Round "9"]
[White "Matikozian, Andranik"]
[Black "Lputian, Smbat G"]
[Result "1-0"]
[WhiteElo "2427"]
[BlackElo "2625"]

1.e4 e6 2.d3 d5 3.Nd2 Nf6 4.Ngf3 g6 5.g3 Bg7 6.Bg2 O-O 7.O-O c5 8.Re1 Nc6
9.Qe2 b6 10.Nf1 h6 11.h4 e5 12.Ne3 Be6 13.exd5 Nxd5 14.Nc4 Bg4 15.c3 Re8
16.Qc2 Qd7 17.a4 Rad8 18.Nfd2 Bh3 19.Bh1 Nde7 20.a5 b5 21.Na3 b4 22.Nac4 bxc3
23.bxc3 Qxd3 24.Qa4 Rc8 25.Ne4 f5 26.Nxc5 Qxc3 27.Bd2 Qd4 28.Be3 Qg4 29.Nd6 Qxa4
30.Rxa4 e4 31.Nxe8 Rxe8 32.Ne6 Bc3 33.Rc1 Bxa5 34.Nf4 Bg4 35.Nxg6 Nxg6 36.Rxc6 Ne5
37.Rxh6 Bc3 38.Rxa7 Rd8 39.Rb6 Be2 40.Rb1 Ng4 41.Bg2 Bd3 42.Rd1 Be5 43.Ra5 Rf8
44.Bh3 Bc7 45.Rxf5 Rxf5 46.Bxg4 Rf6 47.Rc1 Bb6 48.Bxb6 Rxb6 49.Kg2 Rb2 50.Re1 Kg7
51.Bf5 Rb4 52.g4 e3 53.Bxd3 Rxg4+ 54.Kh3 exf2 55.Rf1 Rd4 56.Be2 Rd2 57.Rxf2  1-0

[Event "Open"]
[Site "Dubai UAE"]
[Date "2000.04.28"]
[Round "1"]
[White "Al Sayed,Mohamad"]
[Black "Lputian,S"]
[Result "0-1"]
[WhiteElo "2270"]
[BlackElo "2605"]

1.e4 e6 2.d4 d5 3.Nc3 Bb4 4.e5 c5 5.Bd2 Ne7 6.dxc5 O-O 7.Qh5 Nd7 8.Bd3 Ng6
9.a3 Bxc3 10.Bxc3 Nxc5 11.Ne2 b6 12.O-O Ba6 13.Rfd1 Bxd3 14.cxd3 Nb3 15.Rab1 d4
16.Bb4 Re8 17.Nc1 Nxc1 18.Rbxc1 Qd5 19.Bd6 f6 20.Re1 Rac8 21.Rxc8 Rxc8 22.g3 Rc2
23.Qd1 Rc8 24.f4 h6 25.Qe2 f5 26.Qd1 Nh8 27.a4 Nf7 28.Ba3 Nd8 29.Qd2 Qc6
30.b3 Qc3 31.Qd1 Nb7 32.Qb1 Qd2 33.Rd1 Qe3+ 34.Kg2 Qe2+  0-1